Top 100 DJs 2022 - Statistics

General Stats
  • This quiz has been taken 8 times
  • The average score is 23 of 100
Answer Stats
Picture Hint Answer % Correct
2 David Guetta
88%
26 Marshmello
75%
17 Alan Walker
63%
5 Armin van Buuren
63%
16 Calvin Harris
63%
22 Carl Cox
63%
65 deadmau5
63%
13 R3HAB
63%
23 Skrillex
63%
7 Steve Aoki
63%
15 Tiësto
63%
58 Zedd
63%
64 Alesso
50%
61 Boris Brejcha
50%
3 Dimitri Vegas & Like Mike
50%
44 DJ Snake
50%
9 Don Diablo
50%
43 Hardwell
50%
1 Martin Garrix
50%
8 Timmy Trumpet
50%
6 Afrojack
38%
4 Alok
38%
63 Angerfist
38%
52 Blasterjaxx
38%
14 Charlotte De Witte
38%
31 Claptone
38%
48 FISHER
38%
12 KSHMR
38%
28 Lost Frequencies
38%
20 Nicky Romero
38%
77 Swedish House Mafia
38%
46 The Chainsmokers
38%
62 Will Sparks
38%
18 W&W
38%
37 Amelie Lens
25%
27 Bassjackers
25%
39 Black Coffee
25%
50 Deborah De Luca
25%
82 Green Velvet
25%
98 Jay Hardway
25%
56 MORTEN
25%
10 Oliver Heldens
25%
38 Paul Van Dyk
25%
55 Rezz
25%
81 Tungevaag
25%
41 Ummet Ozcan
25%
30 Above & Beyond
13%
47 Alison Wonderland
13%
79 Breathe Carolina
13%
68 Brennan Heart
13%
76 Burak Yeter
13%
19 Fedde Le Grand
13%
25 Gordo
13%
32 Jamie Jones
13%
70 Kaaze
13%
73 KURA
13%
84 Lucas & Steve
13%
78 MATTN
13%
89 Miss K8
13%
40 NERVO
13%
80 Ofenbach
13%
24 Peggy Gou
13%
75 Pink Panda
13%
33 Quintino
13%
49 Reinier Zonneveld
13%
69 Topic
13%
35 Tujamo
13%
45 VINAI
13%
21 Vini Vici
13%
11 Vintage Culture
13%
83 22Bullets
0%
91 ACRAZE
0%
51 Adam Beyer
0%
86 Aryue
0%
42 ATB
0%
53 BEAUZ
0%
59 Carta
0%
66 Cat Dealers
0%
99 Cuebrick
0%
36 Danny Avila
0%
54 Diego Miranda
0%
93 Dubdogz
0%
29 Eric Prydz
0%
87 Ferry Corsten
0%
90 Honey Dijon
0%
67 Joel Corry
0%
60 Julian Jordan
0%
95 KAKA
0%
92 Le Twins
0%
34 Mariana BO
0%
97 Maya Jane Coles
0%
85 Mr Pig
0%
74 Naeleck
0%
57 Nora En Pure
0%
72 Plastik Funk
0%
94 Rave Republic
0%
88 Solomun
0%
96 Sunnery James & Ryan Marciano
0%
100 The Martinez Brothers
0%
71 Tom & Collins
0%
No matching quizzes found
Score Distribution
Percent of People with Each Score
Percentile by Number Answered
Your Score History
You have not taken this quiz